书目信息 |
| 题名: |
中国刑事审判指导案例
|
|
| 作者: | 南英 主编 | |
| 分册: | 3 侵犯公民人身权利、民主权利罪 | |
| 出版信息: | 北京 法律出版社 2012.05 |
|
| 页数: | 12,817页 | |
| 开本: | 26cm | |
| 丛书名: | ||
| 单 册: | ||
| 中图分类: | D925.285 , D924.345 | |
| 科图分类: | ||
| 主题词: | 刑事诉讼--审判--案例--中国--汇编 , 侵犯人身权利罪--审判--案例--中国--汇编 , 侵犯民主权利罪--审判--案例--中国--汇编 , 刑事诉讼 , 审判 , 案例 , 侵犯人身权利罪 , 侵犯民主权利罪 | |
| 电子资源: | ||
| ISBN: | 978-7-5118-3335-8 | |
| 000 | 01159nam0 2200361 450 | |
| 001 | 005501330 | |
| 005 | 20130609082312.14 | |
| 010 | @a978-7-5118-3335-8@dCNY128.00 | |
| 035 | @a(A210000LPL)012004601938 | |
| 100 | @a20120815d2012 em y0chiy50 ea | |
| 101 | 0 | @achi |
| 102 | @aCN@b110000 | |
| 105 | @ay z 000yy | |
| 106 | @ar | |
| 200 | 1 | @a中国刑事审判指导案例@9zhong guo xing shi shen pan zhi dao an li@h3@i侵犯公民人身权利、民主权利罪@f南英主编 |
| 205 | @a增补版 | |
| 210 | @a北京@c法律出版社@d2012.05 | |
| 215 | @a12,817页@d26cm | |
| 300 | @a《刑事审判参考》(1999-2011)分类集成 | |
| 330 | @a本书包括指导案例、刑事立法司法规范、审判实务释疑、专题论谈、经验交流、问题探讨、编辑部答疑、裁判文书选登等栏目。 | |
| 606 | 0 | @a刑事诉讼@x审判@x案例@y中国@j汇编 |
| 606 | 0 | @a侵犯人身权利罪@x审判@x案例@y中国@j汇编 |
| 606 | 0 | @a侵犯民主权利罪@x审判@x案例@y中国@j汇编 |
| 606 | 0 | @a刑事诉讼 |
| 606 | 0 | @a审判 |
| 606 | 0 | @a案例 |
| 606 | 0 | @a侵犯人身权利罪 |
| 606 | 0 | @a侵犯民主权利罪 |
| 690 | @aD925.285@v5 | |
| 690 | @aD924.345@v5 | |
| 701 | 0 | @a南英@9nan ying@4主编 |
| 801 | 0 | @aCN@bNLC@c20120815 |
| 905 | @dD925.285@e399:3 | |
| 中国刑事审判指导案例.3.侵犯公民人身权利、民主权利罪/南英主编.-增补版.-北京:法律出版社,2012.05 |
| 12,817页;26cm |
| 《刑事审判参考》(1999-2011)分类集成 |
| ISBN 978-7-5118-3335-8:CNY128.00 |
| 本书包括指导案例、刑事立法司法规范、审判实务释疑、专题论谈、经验交流、问题探讨、编辑部答疑、裁判文书选登等栏目。 |
| ● |
| 相关链接 |
|
|
|
|
正题名:中国刑事审判指导案例
索取号:D925.285/399:3
 
预约/预借
| 序号 | 登录号 | 条形码 | 馆藏地/架位号 | 状态 | 备注 |
| 1 | 0545708 | 205457085 | 第一样本阅览室/ [索取号:D925.285/399:3] | 在馆 | |
| 2 | 0545709 | 205457094 | 第一借阅区/ [索取号:D925.285/399:3] | 在馆 | |
| 3 | 0545710 | 205457101 | 第一借阅区/ [索取号:D925.285/399:3] | 在馆 |